Praktikum z diplomatického práva a konzulárneho práva
Salvato in:
| Autore principale: | |
|---|---|
| Natura: | Libro |
| Lingua: | slovacco inglese |
| Pubblicazione: |
Bratislava
PAMIKO
2017
|
| Edizione: | 2. rozšírené a aktualizované vydanie |
| Soggetti: | |
| Tags: |
Nessun Tag, puoi essere il primo ad aggiungerne!!
|
MARC
| LEADER | 00000nam a2200000 4500 | ||
|---|---|---|---|
| 001 | 0245590 | ||
| 005 | 20240314123420.8 | ||
| 020 | |a 978-80-85660-13-5 | ||
| 041 | 0 | |a slo | |
| 041 | 0 | |a eng | |
| 044 | |a SK | ||
| 245 | 1 | 0 | |a Praktikum z diplomatického práva a konzulárneho práva |c Peter Rosputinský |
| 250 | |a 2. rozšírené a aktualizované vydanie | ||
| 264 | 1 | |a Bratislava |b PAMIKO |c 2017 | |
| 300 | |a 189 s. | ||
| 610 | 2 | 0 | |a diplomacia |
| 610 | 2 | 0 | |a diplomati |
| 610 | 2 | 0 | |a imunita |
| 610 | 2 | 0 | |a misia |
| 610 | 2 | 0 | |a právo |
| 610 | 2 | 0 | |a právo medzinárodné |
| 610 | 2 | 0 | |a úrady zastupiteľské |
| 610 | 2 | 0 | |a dohody medzinárodné |
| 610 | 2 | 0 | |a protokol diplomatický |
| 100 | 1 | |a Rosputinský, Peter | |